01339cam a22003614i 4500003000900000005001700009008004100026020001500067035002700082040003300109082002200142100003200164245007200196264004300268300002800311336002100339337002500360338002300385505043900408526001000847526001000857526001000867526001000877526000800887526000800895526000800903526000800911526000800919526000800927526000800935630002900943650000500972PE-LiUPU20250731173552.0150616s r 000 0 d a0800627725 a(Sirsi) i9780800627720 aPE-LiUPUbspacPE-LiUPUerda04a230.221bCh532211 aChilds, Brevard S.,eautor.10aOld Testament Theology in a Canonical Context /cBrevard S. Childs. 1aPhiladelphia :bFortress Press,c1989. a255 páginas :b22 cm. atext2rdacontent aunmediated2rdamedia avolume2rdacarrier0 aIntroduction to old testament theology.- the old testament as revelation.- How God is known.- God's purpose in revelation.- the law of God.- Knowing and doing the will of God.- The theological significance of the decalogue.- the role of the ritual and purity laws.- The recipients of God's revelations.- Agents of God's rule: Moses, Judges, kings.- the office and function of the prophets.- The theological role of priesthood.- Etc... aSEG42 aSEG41 aSEG40 aSEG39 aP94 aP87 aP86 aP85 aP77 aP76 aP35 aBiblia.pA.T.xTEOLOGIA.04a